000 00560nam a2200193 a 4500
001 9235
003 CO-ViMGA
008 141112s2004 ck r 000 u spa d
020 _a9681625048
040 _aCO-ViMGA
_bspa
_cCO-ViMGA
082 0 4 _aMe 863.06 F86c5
100 1 _aFuentes ; Carlos,
_910580
245 1 0 _aCristóbal Nonato :
_bTierra Firme
260 _aMexico :
_bFondo de Cultura Económica,
_c1987
300 _a569p.
490 _aColección tierra firme, la edad del tiempo
650 1 4 _aNOVELA - HISTORICA - MEXICANA
_911385
942 _2ddc
_cBK
999 _c20769
_d20769